Mujeres peligrosas /
Guardado en:
| Autor Principal: | |
|---|---|
| Otros Autores: | |
| Formato: | Libro |
| Publicado: |
Buenos Aires :
El Ateneo,
2013
|
| Materias: | |
| Etiquetas: |
Agregar Etiqueta
Sin Etiquetas, Sea el primero en etiquetar este registro!
|
| LEADER | 01459nam a22002775a 4500 | ||
|---|---|---|---|
| 001 | CEM.cems014271 | ||
| 005 | 20140414115934.0 | ||
| 008 | 130507s2013##################000#0#####d | ||
| 003 | CEMS | ||
| 020 | |a 9789500230865 | ||
| 082 | 0 | 4 | |a 808.8 |
| 100 | 1 | |a Penzler, Otto | |
| 245 | 1 | 0 | |a Mujeres peligrosas / |c Compilado Por Otto Penzler ; traducción de Mirta Rosenberg |
| 260 | |a Buenos Aires : |b El Ateneo, |c 2013 | ||
| 300 | |a 416 p. | ||
| 505 | 0 | |a Improvisación / Ed McBain -- Cielo azul / Michael Connelly -- Dame tu corazón / Joyce Varol Oates -- Karma / Walter Mosley -- Querido foro de Penthouse (un primer borrador) / Laura Lippman -- Cita / Nelson DeMille -- Lo que ella me ofreció / Thomas H. Cook -- Su amo y Señor / Andew Klavan -- La extravagancia del señor Gray / John Connolly -- A mil millas de ninguna parte / Lorenzo Carcaterra -- Testigo / J. A. Jance -- Debilidad por ella / Ian Rankin -- La tercera persona / Jay McInerney -- El último beso / S. J. Rozan -- Ola sorpresa / Anne Perry -- Louly y Chico lindo / Elmore Leonard -- Mala de nacimiento / Jeffery Deaver | |
| 653 | |a Literatura | ||
| 653 | |a Literatura norteamericana | ||
| 653 | |a Narrativa | ||
| 653 | |a Narrativa norteamericana | ||
| 653 | |a Antología | ||
| 653 | |a Cuentos policiales | ||
| 653 | |a Cuentos | ||
| 653 | |a Ministerio de educación-colección literaria | ||
| 700 | 1 | |a Rosenberg, Mirta, trad. | |
| 859 | |a CEMS |b BIB. CEMS - 11 de abril |h 808.8 |i P389 |p 26874.14 |t Ej.1 | ||
